[Event "Bazna Kings 5th"]
[Site "Medias"]
[Date "2011.06.15"]
[Round "5"]
[White "Carlsen, Magnus"]
[Black "Nisipeanu, Liviu Dieter"]
[Result "1-0"]
[WhiteElo "2815"]
[BlackElo "2659"]
[Annotator "Rogozenco,Dorian"]
[PlyCount "61"]
[EventDate "2011.06.11"]
[EventType "tourn"]
[EventRounds "10"]
[EventCountry "ROU"]
[EventCategory "21"]
[SourceTitle "CBM 143"]
[Source "ChessBase"]
[SourceDate "2011.07.15"]
[SourceVersion "1"]
[SourceVersionDate "2011.07.15"]
[SourceQuality "1"]

1. d4 d5 2. c4 dxc4 3. e3 Nf6 4. Bxc4 e6 5. Nf3 c5 6. O-O a6 7. dxc5 Bxc5 8. Qxd8+ Kxd8 {Magnus Carlsen has played this line before and it shouldn't have come as a surprise for Nisipeanu. Even if White's next move is out of fashion, it soon transposed to the main line.} 9. Be2 ({Usually White starts with} 9. Nbd2 {then after} Ke7 10. Be2 {we have a transposition to the game.}) 9... Ke7 10. Nbd2 Bd7 11. Nb3 {Possibly the critical position of the game.} Bd6 $6 (11... Bb6 {or even 11...a7 must be played.}) ({RR} 11... Bb6 12. Bd2 Nc6 13. Rfc1 Rhc8 14. Be1 Be8 15. Nfd2 Ne5 16. Nf3 Nc6 17. Nfd2 Ne5 18. Nf3 {½-½ (18) Buhmann,R (2580)-Nisipeanu,L (2683) Dresden 2017}) 12. Na5 $1 {A nasty surprise for Black. Although Nisipeanu spent a lot of time here, Black is not able to avoid the exchange of one of his bishops for a knight, which will secure White a pleasant, long-lasting advantage.} Ra7 ({The main alternative was} 12... b5 13. Nb7 Bb4 {with the idea 14.a3 c6. But perhaps White can play} 14. Bd2 Bxd2 15. Nxd2 {when the weakened square c5 and the exposed queenside pawns should secure White somewhat better chances. And there is an additional way. Instead of 13.b7 the simple 13.d2 preparing next b7 might be even more unpleasant for Black.}) 13. Nc4 Bb5 (13... Bc7 14. b3 {followed by a check from a3 looks horrible for Black.}) 14. b3 $146 ({RR} 14. Nd4 Bxc4 15. Bxc4 Rc8 16. Bd3 b6 17. Bd2 Rd7 18. Rfc1 Rxc1+ 19. Rxc1 Bc5 20. Bc3 Nd5 21. Bd2 Nf6 22. Bc3 Nd5 23. Bd2 g6 24. Be2 e5 25. Nb3 Bb4 26. Rc8 Bd6 27. e4 Nf4 28. Bg4 Rd8 {Yankelevich,L (2445)-Studer,N (2494) Bad Ragaz 2019 0-1 (51)}) ({RR} 14. Rd1 Bxc4 15. Bxc4 Rc8 16. Bb3 Ne4 17. Bd2 Nxd2 18. Rxd2 b5 19. Rad1 Rd7 20. g3 Bb4 21. Rxd7+ Nxd7 22. Ng5 Nf6 23. a3 Ba5 24. Kg2 Bb6 25. Kf3 Rc5 26. h4 h6 27. Nh3 g5 28. hxg5 hxg5 {Moksh,A (2344)-Paravyan,D (2582) chess.com INT 2025 0-1 (50)}) ({RR} 14. Nd4 Bxc4 15. Bxc4 Rc8 16. Be2 Nc6 17. Nxc6+ Rxc6 18. Rd1 a5 19. Bd2 Bb4 20. Rac1 Bxd2 21. Rxc6 bxc6 22. Rxd2 Nd5 23. Kf1 g5 24. Ke1 f5 25. Bd1 Rb7 26. Bb3 Nb6 27. a3 Nd7 28. Ba4 Rb6 {Goryachkina,A (2576)-Koneru,H (2576) New Delhi IND 2023 ½-½ (32)}) 14... Rd8 15. Bb2 Bxc4 ({After} 15... Nc6 16. Rfd1 Raa8 17. Rxd6 Rxd6 18. Nxd6 Kxd6 {Magnus was going to keep the bishop pair with} 19. Bd1 $1) 16. Bxc4 Nc6 17. Rfd1 Raa8 18. h3 {Black's position is worse than it looks. White's bishop pair together with the lack of any counterplay makes it difficult to defend it especially in a practical game and especially with little time. White's plan is to advance the kingside pawns, gaining more space and trying to create a weakness in Black's pawn formation. Possibly disappointed by the course of the game Nisipeanu fails to put up his usual tough resistance.} g6 {This somewhat strange-looking move is meant to prepare f6-d5. But on d5 the knight won't be doing much anyway, while the weaknesses created by 18...g6 will soon be fatal.} (18... h5 {was preferable, stopping at least for a while g2-g4.}) 19. g4 h6 (19... h5 {is answered by} 20. g5) 20. Bf1 Rac8 21. Rac1 Nd5 22. h4 Ke8 ({Something like} 22... Ncb4 {was called for, trying some counterplay as quickly as possible.}) 23. g5 hxg5 {After this inaccuracy the position becomes really difficult.} ({Black must try to keep the kingside closed and} 23... h5 {was necessary.}) 24. hxg5 Be7 25. Kg2 Nb6 26. Bd3 $1 Nb4 27. Be4 Nxa2 28. Rxd8+ Kxd8 29. Rh1 {Black is temporarily a pawn up, but his position is lost. The bishop pair dominates the board, the rook is going to come to h7 and the knight to e5. Black just can't stand such pressure.} Nd5 30. Ne5 f5 31. Bxd5 ({Black resigned due to} 31. Bxd5 exd5 32. Rh8+ Kc7 33. Rh7 Kd8 34. Bd4 {and big material losses are unavoidable.}) 1-0

[Event "Bazna Kings 5th"]
[Site "Medias"]
[Date "2011.06.18"]
[Round "7"]
[White "Carlsen, Magnus"]
[Black "Ivanchuk, Vassily"]
[Result "1-0"]
[WhiteElo "2815"]
[BlackElo "2776"]
[Annotator "Carlsen,Magnus"]
[PlyCount "143"]
[EventDate "2011.06.11"]
[EventType "tourn"]
[EventRounds "10"]
[EventCountry "ROU"]
[EventCategory "21"]
[SourceTitle "CBM 143"]
[Source "ChessBase"]
[SourceDate "2011.07.15"]
[SourceVersion "1"]
[SourceVersionDate "2011.07.15"]
[SourceQuality "1"]

1. d4 Nf6 2. c4 e6 3. Nf3 d5 4. Nc3 Bb4 5. Bg5 Nbd7 6. cxd5 exd5 7. Qc2 c5 8. dxc5 h6 9. Bd2 {This variation is naturally not especially dangerous for Black. However, as the game shows, White has some chances for a small, stable edge.} O-O 10. e3 Bxc5 ({RR} 10... Qe7 11. Be2 Bxc5 12. O-O a6 13. Qb3 Nb6 14. Rac1 Be6 15. Nd4 Rac8 16. Rfd1 Bxd4 17. exd4 Nc4 18. Be1 b5 19. h3 Rfe8 20. Bf3 Qd7 21. Ne2 Bf5 22. Ng3 Bg6 23. a3 Ne4 24. Bg4 f5 25. Bh5 {Ivanchuk,V (2739)-Mamedyarov,S (2719) Moscow 2009 0-1 (39)}) 11. Rc1 $146 ({RR} 11. Be2 Re8 12. O-O Ne5 13. Rfd1 Bg4 14. Nxe5 Rxe5 15. Be1 Rc8 16. Bxg4 Nxg4 17. h3 Nf6 18. Qb3 Qd7 19. Ne2 Rg5 20. Nf4 Bd6 21. Bc3 Bxf4 22. exf4 Rf5 23. Be5 h5 24. Rd4 Rc5 25. Rad1 Qc6 {Stohl,I (2530)-Jirovsky,M (2425) Czech Republic 1995 0-1 (71)}) ({RR} 11. Bd3 a6 12. Ne2 b5 13. Rc1 Bb7 14. O-O Rc8 15. Qb1 Ne4 16. Bc3 Bd6 17. Bd4 Ndc5 18. Ng3 Qd7 19. Rfd1 Qe6 20. Nh5 g6 21. Nf4 Qe7 22. Bf1 Rfd8 23. g3 Ng5 24. Nxg5 Qxg5 25. h4 Qg4 {Aronian,L (2786)-Grischuk,A (2736) Moscow 2009 0-1 (35)}) ({RR} 11. Be2 Qe7 12. O-O a6 13. Qb3 Nb6 14. Rac1 Be6 15. Nd4 Nc4 16. Nxd5 Nxd5 17. Nxe6 Nxd2 18. Qxd5 fxe6 19. Qxd2 Rad8 20. Qc2 Bd6 21. Qe4 Rf6 22. Bf3 b5 23. Rc6 Rdf8 24. Rxa6 Rf5 25. Rd1 Be5 {Cruz,C (2478)-Eckert,D (2139) Las Vegas USA 2024 1-0}) ({RR} 11. Be2 a6 12. O-O b5 13. Rfd1 Bb7 14. Be1 Rc8 15. Qf5 Re8 16. Bd3 Bd6 17. Ne2 d4 18. exd4 Bd5 19. Qh3 Nf8 20. Ne5 Bxe5 21. dxe5 Rxe5 22. Bc3 Rg5 23. Nf4 Ne6 24. Nxd5 Nxd5 25. Bf1 Qf8 {Dzagnidze,N (2479)-Hou,Y (2570) Nalchik 2010 1-0 (69)}) 11... Qe7 12. Be2 a6 13. Qd3 {An important move; Black should not be allowed to play ...b5 and ...b7 with easy play. b3 with the same idea was also possible, but I felt that the queen would be better on d3.} Nb6 14. O-O Bg4 {Frankly, I didn't understand why he wanted to provoke d4, as in general exchanges favour White here.} (14... Be6 {was perfectly sensible.}) 15. Nd4 Bd7 {I don't think it was necessary to withdraw the bishop immediately as after} (15... Rac8 16. Bxg4 (16. b3 {is probably more accurate, but should hardly trouble Black much either}) 16... Nxg4 17. Nf3 Ne5 18. Nxe5 Qxe5 {Black is fine:} 19. b3 d4 20. f4 dxe3 $1 21. fxe5 exd2+ 22. Kh1 dxc1=Q 23. Rxc1 Rfd8 24. Qf3 Bd4 25. Ne2 Rxc1+ 26. Nxc1 Bxe5 $11) 16. Bf3 Rfe8 17. b3 Ba3 (17... Ne4 18. Nxd5 {just loses a pawn.}) 18. Rc2 Rac8 (18... Ne4 19. Nce2 {does not change too much.}) 19. Nce2 {Now White is definitely better. However, it is still difficult to make any substantial progress.} Rxc2 20. Qxc2 Be6 {Very sensible, as a5 was an annoying threat. The text gives the knight a square on d7.} 21. Bc1 Rc8 (21... Bd6 {would be desirable, but gives White some time to regroup:} 22. Bb2 Rc8 23. Qb1 Nbd7 24. Nf4 Ne5 25. Be2 {with a very pleasant position.}) 22. Bxa3 Qxa3 23. Qd2 Bg4 $1 {An important move. After the bishops are gone, White will not have too many resources left, and the temporary lack of coordination in the black camp (the knights on b6 and g4 are loose, and even the rook might be hanging in some lines) cannot be exploited.} (23... Nbd7 24. Nf4 Qe7 25. Rc1 Rxc1+ 26. Qxc1 Ne5 27. Be2 {would give White the kind of position he's aiming for.}) 24. Bxg4 Nxg4 25. Nf5 Nf6 26. h3 {I spent a lot of time on this and the next few moves, looking for a way to increase my advantage, but everywhere Black defends easily enough.} Kh7 27. Qd4 Nbd7 28. Qf4 Nf8 {The most natural.} (28... Qxa2 29. Ned4 Qa3 {looks risky, but is probably also playable:} 30. g4 (30. Nd6 Rc1 31. Rxc1 Qxc1+ 32. Kh2 Qc7 $11) (30. Nxg7 Kxg7 31. Nf5+ Kg6 32. b4 Qc3 {leads nowhere}) 30... Rc1 31. Rxc1 Qxc1+ 32. Kg2 g5 33. Qd6 Qc5 {and Black is ok.}) 29. Neg3 (29. Nxh6 $2 {was tempting, but doesn't quite work:} Ne6 30. Qf5+ (30. Qh4 g5 31. Qg3 Ne4 $1 (31... Kxh6 32. f4 {is actually quite dangerous}) 32. Qf3 Kxh6 33. Qxf7 Qd6 34. Ng3 Ng7 35. Nxe4 dxe4 36. Qxb7 Rc6 {and only Black can be better}) 30... Kxh6 31. g4 Qb2 32. Ng3 g5 $1 (32... g6 {is what I calculated, and is also quite sufficient:} 33. g5+ Kg7 (33... Nxg5 34. Qxc8) 34. gxf6+ Qxf6 35. Qxd5 Rc2 $11) 33. f4 Rc1 {and White is busted} (33... gxf4 34. g5+ Nxg5 35. Qxf4 Rc1 36. h4 Rxf1+ 37. Kxf1 {might be enough for a draw})) (29. Ned4 Ng6 30. Qd6 Qxd6 31. Nxd6 Rc7 {and it's unclear what the knight is doing on d6.}) 29... Ng6 (29... Ne6 {was possibly even more precise. It looks weird to give the white queen such a nice post on e5 for free, but after the cool} 30. Qe5 Rc6 $1 {White has nothing} 31. Nxg7 Nxg7 {shows the point of ...c6.}) 30. Qd4 Qc5 {The only move (the threath of xg7 was very unpleasant). Now White has to exchange queens.} 31. f3 Qxd4 32. Nxd4 Ne5 33. Rd1 g6 34. Kf2 Kg7 35. Nge2 Kf8 36. g4 {White is still a little better here, but since the only black weakness is well defended and Black is active enough, there are no real winning chances.} Nc6 37. Rc1 Ke7 (37... Ne7 {was quite possible. Short on time, I was intending to repeat moves once, and then think about whether to exchange rooks or knights. I would probably have chosen the first option.}) 38. h4 Kd6 39. h5 {There is not really anything else. In order to have any chances for a win, I need to create a weakness on the kingside, and there h6 is the target.} Ne7 (39... gxh5 40. Nf5+ $1 (40. gxh5 Nxh5 41. Rh1 Nxd4 42. Nxd4 Ng7 43. Rxh6+ Ne6 $11) 40... Kd7 41. gxh5 Nxh5 42. Rh1 Nf6 43. Rxh6 {would be unpleasant for Black.}) 40. Rh1 gxh5 41. gxh5 Rg8 {Since the exchange of queens Ivanchuk had been playing more or less at blitz speed, and I was wondering whether he considered the position an easy draw, or was simply not in the mood for a painstaking defence. Anyway, White certainly has something to play for here, even though there is no doubt that Black should hold with sensible play.} 42. Ng3 Rg5 43. b4 (43. f4 Rg8 44. Kf3 Kd7 {leads nowhere. I thought it would be useful to postpone f4, as one of my knights or even the rook might want to use that square.}) 43... Kd7 44. Rh4 Ne8 45. Rf4 Nd6 46. a4 b6 {This was not necessary.} (46... Re5 {was quite ok. I don't see any serious was to play for a win here} 47. Rg4 Nef5 $1) 47. a5 {Naturally, I should not let the opportunity to create a potential weakness on a6 go, even though my own pawn on a5 might also be weak in some lines.} bxa5 48. bxa5 f5 $6 {I thought this was a serious inaccuracy during the game. There is no real need to leave this pawn as a target for both my knights. Staying put with ...e5 was probably still fine.} 49. Rh4 Nc4 $2 (49... Rg8 50. Nge2 Rb8 51. Rh1 Rb2 52. Kg3 Ra2 53. Nf4 Rxa5 54. Ng6 {gives White a serious initative, as the king suddenly has a square on f4, and the black king might start to feel uncomfortable after a timely e5.}) 50. f4 Rg4 51. Rh3 {An ugly move, but I didn't want to allow} (51. Rh1 Nxe3 52. Kf3 Rg8 53. Rb1 Nc4 {which did not look clear to me at the board. Probably though, the position after} 54. Rb7+ Kd6 55. Ndxf5+ Nxf5 56. Nxf5+ Kc5 57. Rc7+ $1 Kb4 58. Ne7 {still offers winning chances, but it looked really messy.}) 51... Nd6 52. Rh1 Rg8 (52... Ne4+ 53. Nxe4 dxe4 54. Rb1 {just helps White, who is dominating.}) 53. Rb1 Ra8 54. Kf3 Kc7 55. Ne6+ {Once again, I was a little short of time, and wanted to repeat moves before going for b6.} (55. Rb6 {wins, as the following instructive variation shows:} Kd7 (55... Nec8 56. Ne6+ Kd7 57. Nc5+ Kc7 58. Rxa6 Rb8 59. Ne2 $18) 56. Nb3 Kc7 57. Nc5 Nc6 58. Nxa6+ Kd7 59. Nc5+ Kc7 60. Ne6+ Kd7 61. a6 $1 Kxe6 62. Rxc6 Kd7 63. Rc5 Rxa6 64. Ne2 $1 {and with d4 and xd5 to come, White should win.}) 55... Kc8 {I was a little upset that I allowed him this extra option, but White is still winning.} 56. Nc5 Rb8 (56... Nc6 57. Rb6 Kc7 {would transpose to the variations after 55.b6, and}) (56... Nc4 57. Rb7 {loses trivially.}) 57. Rxb8+ Kxb8 58. Nxa6+ Kb7 59. Nb4 {White is winning here, as Black doesn't have enough time to gobble up the a-pawn.} Nc4 60. a6+ Kb6 61. Ke2 Nd6 62. Kd3 Nb5 63. Ne2 Ka5 (63... Nc7 64. Nd4 Nxa6 65. Nxa6 Kxa6 66. Ne2 {with d4 and an easy win to come.}) 64. Nc3 Nc7 65. Nbxd5 $1 {A nice finishing touch. The king invasion is completely decisive, even a knight down!} Nexd5 66. Nxd5 Nxd5 67. a7 Nc7 68. Kd4 Kb6 69. Ke5 Kxa7 70. Kxf5 Nd5 71. Kg6 Nxe3 72. Kxh6 {Black is several tempi short here, so he resigned. I am happy with the way I conducted this endgame, although some of Ivanchuk's decisions and especially his time management left something to be desired.} 1-0

[Event "Biel Accentus"]
[Site "Biel"]
[Date "2011.07.18"]
[Round "1"]
[White "Pelletier, Yannick"]
[Black "Carlsen, Magnus"]
[Result "0-1"]
[WhiteElo "2590"]
[BlackElo "2821"]
[PlyCount "175"]
[EventDate "2011.07.18"]
[EventType "tourn"]
[EventRounds "10"]
[EventCountry "SUI"]
[EventCategory "19"]
[SourceTitle "CBM 144"]
[Source "ChessBase"]
[SourceDate "2011.09.16"]
[SourceVersion "1"]
[SourceVersionDate "2011.09.16"]
[SourceQuality "1"]

1. d4 Nf6 2. c4 g6 3. Nc3 d5 4. cxd5 Nxd5 5. e4 Nxc3 6. bxc3 Bg7 7. Nf3 c5 8. Rb1 O-O 9. Be2 b6 10. O-O Bb7 11. d5 Bxc3 12. Bc4 Bg7 13. Qd3 Qc8 14. Bg5 Re8 15. e5 e6 16. dxe6 fxe6 17. Rbd1 Bxf3 18. Qxf3 Nc6 19. Bb5 Nxe5 $146 ({RR} 19... Nd4 20. Rxd4 cxd4 21. Bxe8 Qxe8 22. Qe4 h6 23. Bh4 g5 24. Bg3 Rd8 25. f4 d3 26. Rd1 d2 27. Qe2 Qd7 28. fxg5 hxg5 29. Kh1 Qd3 30. Qg4 Qf5 31. Qe2 g4 32. Kg1 Bh6 33. Qf2 Qxf2+ 34. Kxf2 {Kistrup,N (2066)-Tryggestad,A (2316) Drammen 2017 0-1 (39)}) 20. Qe4 Nf7 21. Bh4 Bd4 22. Rxd4 cxd4 23. Bxe8 Qxe8 24. Qxd4 Rc8 25. Re1 e5 26. Qg4 Rc2 27. h3 Qc6 28. Bg3 Rxa2 29. Bxe5 Nxe5 30. Rxe5 Ra4 31. Qd1 Rf4 32. Qb3+ Rf7 33. Re7 Qc1+ 34. Kh2 Qf4+ 35. Kh1 Kf8 36. Re2 Kg7 37. Qd5 a5 38. f3 Rc7 39. Re1 Rc1 40. Rxc1 Qxc1+ 41. Kh2 Qc7+ 42. Kh1 Kf6 43. Qd4+ Ke6 44. Qg4+ Kd6 45. Qd4+ Kc6 46. Qe4+ Kb5 47. Qe2+ Qc4 48. Qe8+ Qc6 49. Qe2+ Kc5 50. Qe3+ Kb4 51. Qe1+ Kc4 52. Qe2+ Kc3 53. Qe3+ Kb2 54. Qd2+ Kb1 55. Qd3+ Qc2 56. Qb5+ Ka1 57. Kh2 Qc7+ 58. Kh1 Qc1+ 59. Kh2 Qf4+ 60. Kh1 Qd4 61. Qf1+ Kb2 62. Qe2+ Kc1 63. Qe4 Qc3 64. f4 b5 65. Qe5 Qc4 66. Qa1+ Kc2 67. Qxa5 b4 68. Qa4+ Kb2 69. f5 gxf5 70. Kh2 h5 71. Qd7 Qf4+ 72. Kh1 b3 73. Qd3 Qf2 74. Qd5 h4 75. Kh2 Qf4+ 76. Kh1 Kc2 77. Qc5+ Kb1 78. Qb5 b2 79. Qd3+ Ka2 80. Qa6+ Kb3 81. Qb5+ Ka3 82. Qa5+ Qa4 83. Qc5+ Ka2 84. Qd5+ Ka1 85. Qe5 Qe4 86. Qa5+ Kb1 87. Qc3 f4 88. Qd2 0-1

[Event "Biel Accentus"]
[Site "Biel"]
[Date "2011.07.20"]
[Round "3"]
[White "Morozevich, Alexander"]
[Black "Carlsen, Magnus"]
[Result "1/2-1/2"]
[WhiteElo "2694"]
[BlackElo "2821"]
[PlyCount "104"]
[EventDate "2011.07.18"]
[EventType "tourn"]
[EventRounds "10"]
[EventCountry "SUI"]
[EventCategory "19"]
[SourceTitle "CBM 144"]
[Source "ChessBase"]
[SourceDate "2011.09.16"]
[SourceVersion "1"]
[SourceVersionDate "2011.09.16"]
[SourceQuality "1"]

1. d4 Nf6 2. c4 g6 3. Nc3 d5 4. Bg5 Ne4 5. Nxe4 dxe4 6. Qd2 Bg7 7. e3 c5 8. d5 Nd7 9. Ne2 Ne5 ({RR} 9... O-O 10. Nc3 Nf6 11. Bxf6 exf6 12. Nxe4 b6 13. Bd3 Re8 14. O-O f5 15. Nc3 Bd7 16. Rfe1 Qf6 17. Rac1 h6 18. b3 g5 19. Ne2 Bf8 20. Ng3 Bd6 21. Qc2 Re5 22. Nh5 Qe7 23. Re2 Re8 24. Rce1 {Pesotskiy,M (2184)-Lima,S (2212) chess.com INT 2025 1-0 (50)}) 10. Nc3 f5 11. Be2 Nf7 12. Bh4 $146 ({RR} 12. Bf4 e5 13. Bg3 Nd6 14. f3 exf3 15. gxf3 O-O 16. O-O-O Qf6 17. e4 Bd7 18. h4 a6 19. Rdg1 b5 20. h5 b4 21. Nd1 fxe4 22. Bh4 Qf7 23. hxg6 hxg6 24. fxe4 Nxe4 25. Qc2 Qf4+ 26. Kb1 Bf5 {Meiling,H-Sielaff,R Potsdam 1997 1-0 (40)}) 12... O-O 13. f3 exf3 14. gxf3 Qd6 15. Bg3 e5 16. O-O-O Bd7 17. Kb1 a6 18. e4 f4 19. Bf2 Rab8 20. h4 b5 21. Rc1 Rfc8 22. Ka1 Bf8 23. Nd1 a5 24. cxb5 Bxb5 25. Bxb5 Rxb5 26. Nc3 Rb4 27. Rc2 c4 28. Rhc1 a4 29. a3 Rb3 30. Qe2 Qa6 31. Nb1 Nd6 32. Nd2 Nb5 33. d6 Nxd6 34. Qf1 Rb7 35. Qh3 Re8 36. h5 g5 37. Bc5 Rc7 38. Bxd6 Qxd6 39. Rxc4 Rxc4 40. Nxc4 Qe6 41. Qg2 Be7 42. Nd2 Kg7 43. Nb1 Kh6 44. Rc7 Rc8 45. Rxc8 Qxc8 46. Qg4 Qc4 47. Qf5 Bc5 48. Qxe5 Bd4 49. Qd6+ Kxh5 50. Qd7 Kg6 51. Qf5+ Kh6 52. Qh3+ Kg7 1/2-1/2

[Event "Biel Accentus"]
[Site "Biel"]
[Date "2011.07.28"]
[Round "9"]
[White "Carlsen, Magnus"]
[Black "Vachier Lagrave, Maxime"]
[Result "1/2-1/2"]
[WhiteElo "2821"]
[BlackElo "2722"]
[PlyCount "96"]
[EventDate "2011.07.18"]
[EventType "tourn"]
[EventRounds "10"]
[EventCountry "SUI"]
[EventCategory "19"]
[SourceTitle "CBM 144"]
[Source "ChessBase"]
[SourceDate "2011.09.16"]
[SourceVersion "1"]
[SourceVersionDate "2011.09.16"]
[SourceQuality "1"]

1. d4 {Gupta,Abhijeet Illescas Cordoba,M} Nf6 2. c4 g6 3. g3 Bg7 4. Bg2 O-O 5. Nf3 c6 6. Nc3 d5 7. cxd5 cxd5 8. Ne5 e6 9. O-O Nfd7 10. f4 Nc6 11. Be3 Nb6 12. Bf2 Bd7 ({RR} 12... Ne7) 13. e4 Ne7 14. Nxd7 Qxd7 15. e5 Rac8 ({RR} 15... Rfc8) ({RR} 15... Rfc8 16. Rc1 Bf8 17. Bf3 Rc7 18. b3 Rac8 19. Qd2 Nc6 20. Qb2 a6 21. Be2 Qe7 22. Nb1 Nb4 23. Nc3 Nc6 24. Nb1 Nb4 25. Rc5 Nd7 26. Rxc7 Rxc7 27. Nc3 Nc6 28. Nb1 Nb4 29. Nc3 Nc6 30. Nb1 {Karpov,A (2700)-Kasparov,G (2740) Seville 1987 ½-½}) ({RR} 15... Rfc8 16. Qe2 Rc7 17. Rfd1 Rac8 18. Rd3 Na4 19. Be1 Nxc3 ({RR} 19... b5 20. Nxa4 bxa4 21. Bf1 Rc2 22. Rd2) 20. bxc3 ({RR} 20. Bxc3 Qa4 ({RR} 20... b5 21. a3 Nc6) 21. Bf1 b5) 20... b5 21. g4 Rc4 22. Rb1 a5 ({RR} 22... Nc6 23. Bf1 ({RR} 23. Qf2 b4 24. cxb4 Bf8 25. b5 ({RR} 25. a3 a5) 25... Nxd4) 23... b4 24. Qf2 bxc3 25. Rc1 Bf8 26. Rdxc3 Rxc3 27. Rxc3 a5 28. Bd2 Bb4 29. Rh3 Bxd2 ({RR} 29... Qa7 30. Be3 Bc3 31. Qh4 f5 32. exf6 Bxd4 33. Qf2) 30. Qxd2 a4 ({RR} 30... Qa7 31. Rc3)) 23. Qf2 Bf8 ({RR} 23... b4 24. cxb4 axb4 25. Rxb4 Nc6 26. Rxc4 dxc4 27. Rd1 Ne7) 24. Bf1 b4 25. cxb4 ({RR} 25. Rh3 R4c7 26. cxb4 Rc2 27. Qh4 h6 28. b5 Rxa2 29. Rc3 Rxc3 30. Bxc3 a4 31. Bd3 Qb7 32. Qe1) 25... axb4 26. Bxb4 Qa4 27. a3 ({RR} 27. Ra3 Rxb4 28. Rxa4 Rxb1 29. Kg2 Rcb8 30. Kg3 R8b2 31. Qf3 Ra1) 27... Rc2 28. Qh4 Rc1 29. Rxc1 Rxc1 30. Bxe7 {Esen,B (2563)-Gupta,A (2603) Iasi 2015 CBM 167 [Gupta,Abhijeet] ½-½ (34)}) 16. Qe2 ({RR} 16. Qd3 Nc4 17. b3 Na3) 16... Rc4 $146 ({RR} 16... a6 17. Rae1 ({RR} 17. Rad1 Na4) 17... Rc7 ({RR} 17... Na4 18. Nd1) 18. g4 Rfc8 19. f5 ({RR} 19. Bh3 Na4) 19... gxf5 ({RR} 19... exf5 20. e6) 20. gxf5 Nxf5 ({RR} 20... exf5 21. e6 fxe6 22. Qxe6+ Qxe6 23. Rxe6) 21. Qh5 Nc4 ({RR} 21... f6) 22. Nxd5 Nd2 ({RR} 22... exd5 23. Bh3) 23. Qg5 ({RR} 23. Nxc7 Rxc7 24. Be4 Nxf1 25. Rxf1 Qc8 26. Bxf5 exf5 27. Be3 Rc2) ({RR} 23. Nb6 Qd8 24. Nxc8 Qxc8) ({RR} 23. Nf6+ Bxf6 24. exf6 Nxf1 25. Be4 Kh8) 23... exd5 24. Qxd2 Ne7 ({RR} 24... Rc2 25. Qd3) 25. Qd3 Qg4 26. Kh1 Qg6 27. Qf3 ({RR} 27. Qb3 Qc2) 27... Qb6 ({RR} 27... Rc2 28. Bh3) 28. Bh3 ({RR} 28. Bg3 Rf8 29. e6) 28... Rf8 29. Rg1 Ng6 ({RR} 29... Qxb2 30. Rxg7+ Kxg7 31. Qf6+ Kg8 32. Be3 Rc2 33. Bh6 Rxh2+ 34. Kg1) 30. Re2 Kh8 31. Bf5 {Illescas Cordoba,M (2605)-Xie,J (2510) Pamplona 1998 CBM 069 [Illescas Cordoba,M] ½-½ (60)} ({RR} 31. Be3 f5 32. Qxd5 f4 33. Bf2 f3)) ({RR} 16... Nc4 17. Rad1) ({RR} 16... Rc7 17. Nb5) ({RR} 16... Na4 17. Nb5) 17. Rfc1 Rfc8 18. Bf1 R4c7 19. Qe1 a6 20. b3 Bf8 21. Qd2 Nc6 22. a3 f5 23. Kg2 Qg7 24. Be3 Be7 25. Bd3 Na5 26. Qb2 g5 27. Ne2 g4 28. Rh1 h5 29. h3 Kf7 30. Rh2 h4 31. Bd2 Nc6 32. Rah1 Rh8 33. hxg4 Qxg4 34. Rh3 Rcc8 35. Ng1 Qg7 36. Nf3 hxg3 37. b4 Rxh3 38. Rxh3 Rh8 39. Rxh8 Qxh8 40. b5 axb5 41. Bxb5 Qc8 42. a4 Nc4 43. Bxc4 dxc4 44. Qc1 Nb4 45. Bxb4 Bxb4 46. d5 Qc5 47. dxe6+ Kxe6 48. Kxg3 Qd5 1/2-1/2